| 000 | 00617cam a2200205u 4500 | ||
|---|---|---|---|
| 999 |
_c127298 _d127298 |
||
| 001 | 10010742 | ||
| 003 | ARRUPE | ||
| 005 | 20180103091412.0 | ||
| 008 | 820714s1938 nyu 000 0 eng | ||
| 010 | _aunk82016763 | ||
| 040 |
_aDLC _cCarP _dDLC |
||
| 050 | 0 | 0 | _aLB-875-1 |
| 100 | 1 |
_aDewey, John, _d1859-1952. _9611 |
|
| 245 | 1 | 0 | _aExperience and education, |
| 260 |
_aNew York, _bThe Macmillan company, _c1938. |
||
| 300 |
_axii p., 2 l., _b116 p. _c19 cm. |
||
| 650 | 0 |
_aExperience. _914106 |
|
| 650 | 0 |
_aEducation. _918163 |
|
| 906 |
_a0 _bcbc _cpremunv _du _encip _f19 _gy-gencatlg |
||
| 942 |
_2lcc _cMONOGRAPH |
||